[Event "AUTO-OPEN-1185"]
[Site "http://www.queenalice.com/game.php?id=428543"]
[Date "2008.7.6"]
[Round "1"]
[White "Bobtzu"]
[Black "Hugentobler"]
[Result "1-0"]
[WhiteElo "2022"]
[BlackElo "1546"]

1. e4 c6 2. d4 d5 3. exd5 cxd5 4. Bd3 e6 5. Nf3 Nc6 6. O-O Be7 7. c3 Nf6 8. Bf4
Bd7 9. Nbd2 Ng4 10. h3 Nf6 11. Ne5 Nxe5 12. Bxe5 Bc6 13. Nf3 Bd6 14. Qc2 Ne4 15.
Bxd6 Qxd6 16. Ne5 a6 17. Nxc6 bxc6 18. Bxe4 dxe4 19. Qxe4 O-O 20. Rfe1 Rab8 21.
b4 Rb7 22. Qe5 Qxe5 23. Rxe5 Rb5 24. Rae1 a5 25. Rc5 Rxc5 26. dxc5 axb4 27. cxb4
Ra8 28. Ra1 f5 29. a4 e5 30. Kf1 g5 31. Ke2 Kg7 32. a5 Kf6 33. Ke3 h5 34. Rd1 e4
35. Rd6+ Ke5 36. g3 Rb8 37. Rxc6 Rxb4 38. Rb6 f4+ 39. gxf4+ gxf4+ 40. Ke2 Ra4
41. Rh6 1-0

[Event "AUTO-OPEN-1185"]
[Site "http://www.queenalice.com/game.php?id=428544"]
[Date "2008.7.6"]
[Round "1"]
[White "Hugentobler"]
[Black "Bobtzu"]
[Result "0-1"]
[WhiteElo "1588"]
[BlackElo "2027"]

1. d4 d5 2. e3 Nf6 3. c4 e6 4. c5 Be7 5. Nf3 O-O 6. Bd3 b6 7. Qc2 Bb7 8. O-O Ba6
9. Bxa6 Nxa6 10. Ne5 bxc5 11. a3 cxd4 12. exd4 c5 13. Be3 cxd4 14. Bxd4 Qc7 15.
Nc3 Bd6 16. Rae1 Rfc8 17. Qd3 Nc5 18. Bxc5 Qxc5 19. b4 Qxc3 20. Qxc3 Rxc3 21. b5
Bxe5 22. Rxe5 Rxa3 23. Re2 Kf8 24. g3 Rb3 25. Ra1 Rxb5 26. h4 a5 27. f3 Nd7 28.
f4 Nb6 29. Rc2 Nc4 30. g4 Rb4 31. h5 a4 32. Rd1 a3 33. Ra1 Rb2 34. Rxb2 Nxb2 35.
g5 Nd3 36. Kg2 a2 37. Kf3 Nc5 38. Kg4 Nb3 0-1

[Event "AUTO-OPEN-1185"]
[Site "http://www.queenalice.com/game.php?id=428576"]
[Date "2008.7.6"]
[Round "1"]
[White "erivaldoadao"]
[Black "Hugentobler"]
[Result "0-1"]
[WhiteElo "1763"]
[BlackElo "1564"]

1. e4 c6 2. Nf3 d5 3. exd5 cxd5 4. d4 Nc6 5. Bb5 e6 6. O-O a6 7. Ba4 b5 8. Bb3
Qc7 9. Nc3 Nf6 10. a3 Ng4 11. Ne5 Ncxe5 12. dxe5 Qxe5 13. g3 Qh5 14. h4 Qf5 15.
a4 Bc5 16. Be3 Nxe3 17. fxe3 Qh3 18. Qf3 O-O 19. Ne2 Rd8 20. Nf4 Qf5 21. g4 Qe5
22. Kg2 Qxb2 23. Nh5 f6 24. g5 Rf8 25. gxf6 Ra7 26. Qg3 g6 27. f7+ Rfxf7 28.
Rxf7 Rxf7 29. Rf1 Rxf1 30. Kxf1 Qc1+ 31. Kg2 Bxe3 32. Nf6+ Kg7 33. Nh5+ Kf7 34.
Qf3+ Ke7 35. Qf6+ Kd6 36. Qd8+ Bd7 37. Qb8+ Ke7 38. Kf3 Qe1 39. Qg3 Qxg3+ 40.
Nxg3 bxa4 41. Kxe3 axb3 42. cxb3 Kd6 43. Kf4 d4 44. Ke4 Kc5 45. Ne2 e5 46. Kxe5
d3 0-1

[Event "AUTO-INT-955"]
[Site "http://www.queenalice.com/game.php?id=428746"]
[Date "2008.7.7"]
[Round "1"]
[White "lejunges"]
[Black "Hugentobler"]
[Result "0-1"]
[WhiteElo "1444"]
[BlackElo "1586"]

1. e4 e5 2. Nf3 g5 3. h3 d5 4. d3 g4 5. hxg4 Bxg4 6. Bg5 f6 7. Bh4 d4 8. Nxe5
Bxd1 9. Kxd1 Qe7 10. Nf3 Bh6 11. Nxd4 Qe5 12. Nf3 Qxb2 13. Nfd2 Qxa1 14. e5 Bxd2
15. Kxd2 Qxb1 16. exf6 Kf7 17. g4 Nxf6 18. Bg2 Qxa2 19. Bxb7 Qa5+ 20. Ke2 Nbd7
21. g5 Rae8+ 22. Be4 Nxe4 23. Rh3 Nxg5+ 24. Kf1 Nxh3 25. Kg2 Nf4+ 26. Kg3 Ne2+
0-1

[Event "AUTO-INT-955"]
[Site "http://www.queenalice.com/game.php?id=428747"]
[Date "2008.7.7"]
[Round "1"]
[White "Hugentobler"]
[Black "lejunges"]
[Result "1-0"]
[WhiteElo "1586"]
[BlackElo "1527"]

1. d4 d5 2. Nf3 Nc6 3. e3 Qd6 4. Nc3 Bg4 5. h3 Bh5 6. Nb5 Qb4+ 7. Bd2 Qxb2 8.
Nxc7+ Kd7 9. Nxa8 e6 10. Rb1 Qxa2 11. Rxb7+ Kc8 12. Rc7+ Kb8 13. Rxc6 Kxa8 14.
Ba6 Kb8 15. Rc8# 1-0

[Event "AUTO-INT-955"]
[Site "http://www.queenalice.com/game.php?id=428760"]
[Date "2008.7.7"]
[Round "1"]
[White "johnny"]
[Black "Hugentobler"]
[Result "0-1"]
[WhiteElo "1268"]
[BlackElo "1580"]

1. e4 e5 2. Nf3 d6 3. d3 f5 4. Bg5 Be7 5. h4 h6 6. Bd2 fxe4 7. dxe4 Nf6 8. Nh2
Nxe4 9. Nf3 g5 10. h5 Rf8 11. Be3 Bg4 12. Bd3 Nc5 13. Qe2 e4 14. Bb5+ c6 15. Bc4
exf3 16. gxf3 Bxf3 17. Qf1 Bxh1 18. Qxh1 d5 19. Be2 d4 0-1

[Event "AUTO-INT-955"]
[Site "http://www.queenalice.com/game.php?id=428761"]
[Date "2008.7.7"]
[Round "1"]
[White "Hugentobler"]
[Black "johnny"]
[Result "1-0"]
[WhiteElo "1574"]
[BlackElo "1268"]

1. d4 d5 2. e3 Nc6 3. Nf3 Bg4 4. h3 Bxf3 5. Qxf3 Nh6 6. c4 dxc4 7. Bxc4 e6 8. d5
Bb4+ 9. Bd2 Qf6 10. Bxb4 Nxb4 11. Qe4 Qxb2 12. Bb5+ Kd8 13. dxe6 Nc2+ 14. Kd1
Qxa1 15. Qd5+ Kc8 16. Kxc2 fxe6 17. Qxe6+ Kb8 18. Rd1 a6 19. Bc4 1-0

[Event "AUTO-INT-955"]
[Site "http://www.queenalice.com/game.php?id=428768"]
[Date "2008.7.7"]
[Round "1"]
[White "maxcot13"]
[Black "Hugentobler"]
[Result "1-0"]
[WhiteElo "1677"]
[BlackElo "1544"]

1. d4 d5 2. Nf3 e6 3. a3 c5 4. Bf4 Nc6 5. e3 cxd4 6. Nxd4 e5 7. Nxc6 bxc6 8. Bg3
Nf6 9. Nc3 Bd6 10. Be2 O-O 11. O-O e4 12. Bxd6 Qxd6 13. b4 a5 14. f4 axb4 15.
axb4 Rxa1 16. Qxa1 Qxb4 17. Rb1 Qc5 18. Nd1 Qxc2 19. Rb2 Qc5 20. Qb1 d4 21. Rb8
d3 22. Bf1 Ng4 23. Qb6 Qxb6 24. Rxb6 Rd8 25. Rxc6 Kf8 26. g3 1-0

[Event "AUTO-INT-955"]
[Site "http://www.queenalice.com/game.php?id=428769"]
[Date "2008.7.7"]
[Round "1"]
[White "Hugentobler"]
[Black "maxcot13"]
[Result "0-1"]
[WhiteElo "1533"]
[BlackElo "1688"]

1. d4 Nf6 2. Nc3 e6 3. e4 Bb4 4. Bd2 O-O 5. e5 Bxc3 6. Bxc3 Nd5 7. Bd2 Nc6 8.
Bc4 Nde7 9. Qg4 Nf5 10. Nf3 f6 11. d5 Nxe5 12. Nxe5 fxe5 13. Bd3 Qf6 14. Bg5 Qg6
15. O-O-O h6 16. f4 hxg5 17. Rhe1 Qh6 18. fxg5 Qxh2 19. Rh1 Qf4+ 20. Qxf4 exf4
21. Rh2 g6 22. Rdh1 Kf7 23. g4 Nd6 24. Rh7+ Ke8 25. Bxg6+ Kd8 26. Rh8 Rxh8 0-1

[Event "AUTO-OPEN-1196"]
[Site "http://www.queenalice.com/game.php?id=433025"]
[Date "2008.7.14"]
[Round "1"]
[White "Hugentobler"]
[Black "ocbruno"]
[Result "0-1"]
[WhiteElo "1585"]
[BlackElo "1828"]

1. e4 Nc6 2. d4 e6 3. Nc3 d5 4. Bb5 Ne7 5. exd5 exd5 6. g4 a6 7. Ba4 b5 8. Bb3
g6 9. Qf3 Bg7 10. Nxd5 Bb7 11. Nxe7 Qxe7+ 12. Ne2 O-O 13. Be3 Na5 14. Bd5 Bxd5
15. Qxd5 Qb4+ 16. Bd2 Qxb2 17. O-O Qxc2 18. Bxa5 Qxe2 19. Bxc7 Qxg4+ 20. Kh1
Rac8 21. Rg1 Qe2 22. Rac1 Qxf2 23. Bg3 Qb2 24. Rxc8 Rxc8 25. Be5 Bxe5 26. dxe5
Rc2 27. Qd8+ Kg7 28. Qf6+ Kh6 29. Qf4+ Kg7 30. Rf1 Qxa2 31. e6 Qxe6 32. Rf2 Qd5+
33. Qf3 Qxf3+ 34. Rxf3 b4 35. Rd3 Rc3 36. Rd6 a5 37. Ra6 b3 38. Rxa5 b2 0-1

[Event "AUTO-OPEN-1196"]
[Site "http://www.queenalice.com/game.php?id=433026"]
[Date "2008.7.14"]
[Round "1"]
[White "ocbruno"]
[Black "Hugentobler"]
[Result "1-0"]
[WhiteElo "1778"]
[BlackElo "1603"]

1. d4 d6 2. e4 Nc6 3. d5 Ne5 4. f4 Nd7 5. Nc3 e5 6. fxe5 dxe5 7. Nf3 c6 8. a3
Qa5 9. Bd2 b5 10. b4 Qb6 11. g3 g6 12. Qe2 f5 13. exf5 gxf5 14. Nxe5 Nxe5 15.
Qxe5+ Ne7 16. Qxh8 cxd5 17. Bg2 Ng6 18. Qxh7 Qf6 19. O-O Qd4+ 20. Rf2 Ne7 21.
Re1 a5 22. Nxb5 Qg7 23. Qxg7 Bxg7 24. Nc7+ Kf7 25. Nxa8 d4 26. Nc7 d3 27. cxd3
Bd4 28. Be3 Bxe3 29. Rxe3 1-0

[Event "AUTO-OPEN-1196"]
[Site "http://www.queenalice.com/game.php?id=433027"]
[Date "2008.7.14"]
[Round "1"]
[White "Hugentobler"]
[Black "brainiac"]
[Result "0-1"]
[WhiteElo "1593"]
[BlackElo "1970"]

1. Nf3 d5 2. d4 Nc6 3. e3 Nf6 4. c4 Bf5 5. cxd5 Nxd5 6. Qa4 e6 7. Ne5 Nb4 8.
Nxc6 Nxc6 9. Nc3 a6 10. Qd1 Nb4 11. e4 Bg6 12. f3 Qxd4 13. Qxd4 Nc2+ 0-1

[Event "AUTO-OPEN-1196"]
[Site "http://www.queenalice.com/game.php?id=433028"]
[Date "2008.7.14"]
[Round "1"]
[White "brainiac"]
[Black "Hugentobler"]
[Result "1-0"]
[WhiteElo "1921"]
[BlackElo "1523"]

1. e4 e5 2. Nf3 d6 3. Nc3 Nf6 4. Bc4 a6 5. Ng5 Be7 6. Nxf7 Qd7 7. Nxh8 b5 8.
Bf7+ Kd8 9. f3 g6 10. O-O Nh5 11. Nd5 Nc6 12. d3 Nf6 13. a4 Nxd5 14. exd5 Nd4
15. c3 Bf6 16. Be6 Nxe6 17. dxe6 Qxe6 18. Nxg6 hxg6 19. axb5 d5 20. Be3 Bb7 21.
c4 1-0

[Event "AUTO-OPEN-1196"]
[Site "http://www.queenalice.com/game.php?id=433029"]
[Date "2008.7.14"]
[Round "1"]
[White "Hugentobler"]
[Black "Kay"]
[Result "0-1"]
[WhiteElo "1583"]
[BlackElo "1684"]

1. Nf3 Nc6 2. e4 e5 3. d4 exd4 4. Nxd4 Ne5 5. f4 c5 6. Qh5 cxd4 7. Qxe5+ Qe7 8.
Qxd4 b6 9. Qd5 Rb8 10. f5 Bb7 11. Qd3 Bxe4 12. Qe2 Bxc2 13. Bf4 Rc8 14. Bg5
Qxe2+ 15. Bxe2 h6 16. Ba6 Bb4+ 17. Ke2 Rc5 18. Be3 Rxf5 19. Rc1 Bxb1 20. Raxb1
Ne7 21. Kd3 O-O 22. Rc4 Bd6 23. Rbc1 Bc5 24. Bxc5 bxc5 0-1

[Event "AUTO-OPEN-1196"]
[Site "http://www.queenalice.com/game.php?id=433030"]
[Date "2008.7.14"]
[Round "1"]
[White "Kay"]
[Black "Hugentobler"]
[Result "1-0"]
[WhiteElo "1681"]
[BlackElo "1610"]

1. e4 e5 2. Nf3 Bd6 3. Bc4 Nf6 4. Ng5 O-O 5. d4 exd4 6. Qxd4 c5 7. Bxf7+ Rxf7 8.
Qxd6 Qf8 9. Nxf7 Qxf7 10. Qxc5 Nxe4 11. Qxc8+ Qf8 12. Qc4+ Qf7 13. Qxe4 Nc6 14.
O-O Re8 15. Qg4 Qe7 16. Bh6 g6 17. Nc3 Qe5 18. Qxd7 1-0